|
|
|
|
| LEADER |
00000nam a22000007a 4500 |
| 005 |
20210716234111.0 |
| 007 |
cr|||| |||| |
| 008 |
210716s2018 co |||||s|||| 00||0 spa d |
| 020 |
|
|
|a 978-958-762-869-2
|
| 035 |
|
|
|a 33436
|
| 040 |
|
|
|a vLex
|
| 090 |
|
|
|c 11869
|d 11869
|
| 245 |
0 |
0 |
|a Operaciones auxiliares de almacenaje
|h [Recurso electrn̤ico] /
|
| 256 |
|
|
|a Servicio en ln̕ea
|
| 260 |
|
|
|a Bogot:̀
|b Ediciones de la U,
|c 2018
|
| 300 |
|
|
|a 1 recurso electrn̤ico
|
| 500 |
|
|
|a En este libro encontrar ̀los siguientes contenidos para ampliar su conocimiento:- Estructura y tipos de almacň- Operaciones de almacenaje- Trabajo en equipo en las operaciones auxiliares de almacenaje.- Documentacin̤ bs̀ica del almacň- Equipos de manutencin̤ del almacň- Sistemas de identificacin̤, localizacin̤ y seguimiento de mercanca̕s.- Seguridad y prevencin̤ en las operaciones auxiliares de almacenaje.- Mantenimiento de primer nivel de los equipos de almacň.
|
| 506 |
1 |
|
|a Disponible solo en los productos indicados
|d vLex Global
|d vLex Global (Academic Edition, excluding Law Schools)
|d vLex Global (U.S. Academic Edition, Law Schools)
|d vLex Global (U.S. Academic Edition, excluding Law Schools)
|d vLex Global (Academic Edition, Law Schools)
|
| 650 |
0 |
4 |
|a Marketing
|z Colombia
|
| 740 |
0 |
|
|a vLex Libros (Servicio en ln̕ea)
|
| 856 |
4 |
0 |
|u https://vlex.com/source/operaciones-auxiliares-de-almacenaje-33436
|z Acceso restringido
|
| 942 |
|
|
|c BOOK
|
| 999 |
0 |
|
|a Marketing
|